Proceedings ed by Wolfgang Gaul and Gunter Ritter (Record no. 57243)
[ view plain ]
| 000 -LEADER | |
|---|---|
| fixed length control field | 01311nam a2200337Ia 4500 |
| 003 - CONTROL NUMBER IDENTIFIER | |
| control field | OSt |
| 005 - DATE AND TIME OF LATEST TRANSACTION | |
| control field | 20220912150916.0 |
| 008 - FIXED-LENGTH DATA ELEMENTS--GENERAL INFORMATION | |
| fixed length control field | 220909b |||||||| |||| 00| 0 eng d |
| 020 ## - INTERNATIONAL STANDARD BOOK NUMBER | |
| International Standard Book Number | 3540432337 (pbk) |
| 037 ## - SOURCE OF ACQUISITION | |
| Terms of availability | Textual |
| 040 ## - CATALOGING SOURCE | |
| Original cataloging agency | CSL |
| Language of cataloging | eng |
| Transcribing agency | CSL |
| 041 ## - LANGUAGE CODE | |
| Language code of text/sound track or separate title | eng |
| 100 ## - MAIN ENTRY--PERSONAL NAME | |
| Personal name | Gaul Wolfgang Ed |
| 111 ## - MAIN ENTRY--MEETING NAME | |
| Meeting name or jurisdiction name as entry element | Annual conference on classification automation and new media^gUniversity of Passau^iMarch 15-17, 2000 |
| 245 #0 - TITLE STATEMENT | |
| Title | Proceedings ed by Wolfgang Gaul and Gunter Ritter |
| 260 ## - PUBLICATION, DISTRIBUTION, ETC. | |
| Place of publication, distribution, etc. | Berlin |
| Name of publisher, distributor, etc. | Springer-Verlag |
| Date of publication, distribution, etc. | 2002 |
| 300 ## - PHYSICAL DESCRIPTION | |
| Extent | xi, 535p |
| 490 ## - SERIES STATEMENT | |
| Series statement | Studies in classification, data analysis, and knowledge organization |
| 500 ## - GENERAL NOTE | |
| General note | Includes bibliographical references; Index 531-535p; ^n23/CSL/D65/2002-2003/254^d2002-08-14^mPurchase; ; 2002-03/172^b2002-08-28^c2141^d2002-08-19^eRs.6,522.00^fOverseas Press (India)Pvt. Ltd.; ; 2002-12-11^bSB^c2004-01-02^bJindal |
| 650 ## - SUBJECT ADDED ENTRY--TOPICAL TERM | |
| Topical term or geographic name entry element | Classification |
| 650 ## - SUBJECT ADDED ENTRY--TOPICAL TERM | |
| Topical term or geographic name entry element | Knowledge oragnization |
| 650 ## - SUBJECT ADDED ENTRY--TOPICAL TERM | |
| Topical term or geographic name entry element | Computer science |
| 700 ## - ADDED ENTRY--PERSONAL NAME | |
| Personal name | Ritter Gunter Ed |
| 942 ## - ADDED ENTRY ELEMENTS (KOHA) | |
| Classification part | D65,8(B),27p1,P0, P2^TD |
| Koha item type | Textual |
| Source of classification or shelving scheme | Colon Classification (CC) |
No items available.
